[Event "ODJM C 2023"]
[Site "Willingen GER"]
[Date "2023.05.31"]
[Round "5"]
[White "Schäfer, Amadeus"]
[Black "Schwedhelm, Dennis"]
[Result "1-0"]
[Termination "normal"]
[Board "5"]
[WhiteElo "1274"]
[BlackElo "1373"]
[WhiteClock "00:31:21"]
[BlackClock "00:32:18"]
[PlyCount "63"]
[WhiteFideId "34660585"]
[BlackFideId "16228995"]
[EventCountry "GER"]
[EventRounds "9"]
[EventType "swiss"]
[EventDate "2023.05.27"]

1. Nf3 {[%emt 00:04:49]} Nf6 {[%clk 01:30:51]} {[%emt 00:00:07]} 2. g3 {[%clk
01:31:27]} {[%emt 00:00:03]} g6 {[%clk 01:31:09]} {[%emt 00:00:11]} 3. Bg2
{[%clk 01:31:48]} {[%emt 00:00:09]} Bg7 {[%clk 01:31:26]} {[%emt 00:00:13]} 4.
O-O {[%clk 01:32:07]} {[%emt 00:00:11]} d6 {[%clk 01:31:35]} {[%emt 00:00:22]}
5. d4 {[%clk 01:32:13]} {[%emt 00:00:24]} Nbd7 {[%clk 01:31:18]} {[%emt
00:00:46]} 6. c4 {[%clk 01:30:34]} {[%emt 00:02:10]} c6 {[%clk 01:30:36]}
{[%emt 00:01:12]} 7. Nc3 {[%clk 01:30:30]} {[%emt 00:00:35]} a6 {[%clk
01:29:13]} {[%emt 00:01:52]} 8. a4 {[%clk 01:29:45]} {[%emt 00:01:15]} Rb8
{[%clk 01:27:41]} {[%emt 00:02:01]} 9. e4 {[%clk 01:17:55]} {[%emt 00:12:21]}
Qc7 {[%clk 01:25:42]} {[%emt 00:02:28]} 10. Qc2 {[%clk 01:14:20]} {[%emt
00:04:05]} b5 {[%clk 01:20:01]} {[%emt 00:06:11]} 11. axb5 {[%clk 01:13:43]}
{[%emt 00:01:08]} axb5 {[%clk 01:20:00]} {[%emt 00:00:31]} 12. cxb5 {[%clk
01:12:09]} {[%emt 00:02:03]} cxb5 {[%clk 01:18:48]} {[%emt 00:01:42]} 13. Qd3
{[%clk 01:11:02]} {[%emt 00:01:37]} Qc4 {[%clk 01:16:40]} {[%emt 00:02:39]} 14.
Rd1 {[%clk 01:07:20]} {[%emt 00:04:11]} Qxd3 {[%clk 01:15:46]} {[%emt
00:01:24]} 15. Rxd3 {[%clk 01:06:50]} {[%emt 00:01:01]} b4 {[%clk 01:14:01]}
{[%emt 00:02:15]} 16. Nd5 {[%clk 01:03:02]} {[%emt 00:04:17]} e6 {[%clk
01:08:59]} {[%emt 00:05:33]} 17. Nxf6+ {[%emt 00:00:53]} Nxf6 {[%clk 01:08:35]}
{[%emt 00:00:49]} 18. e5 {[%clk 01:01:10]} {[%emt 00:02:04]} dxe5 {[%clk
01:04:55]} {[%emt 00:04:10]} 19. Nxe5 {[%clk 00:59:30]} {[%emt 00:02:10]} O-O
{[%clk 00:58:42]} {[%emt 00:06:42]} 20. Bd2 {[%clk 00:57:05]} {[%emt 00:02:55]}
Bb7 {[%clk 00:56:48]} {[%emt 00:02:23]} 21. Bxb4 {[%clk 00:48:03]} {[%emt
00:09:33]} Bxg2 {[%clk 00:52:06]} {[%emt 00:05:12]} 22. Bxf8 {[%clk 00:45:40]}
{[%emt 00:02:54]} Be4 {[%clk 00:51:19]} {[%emt 00:01:17]} 23. Bxg7 {[%clk
00:45:31]} {[%emt 00:00:39]} Kxg7 {[%clk 00:51:11]} {[%emt 00:00:37]} 24. Rda3
{[%clk 00:42:35]} {[%emt 00:03:27]} Rxb2 {[%emt 00:03:23]} 25. Ra7 {[%clk
00:40:43]} {[%emt 00:01:04]} Bb7 {[%clk 00:48:21]} {[%emt 00:01:45]} 26. Nd3
{[%clk 00:35:33]} {[%emt 00:05:39]} Rd2 {[%clk 00:44:01]} {[%emt 00:04:50]} 27.
Rxb7 {[%clk 00:35:21]} {[%emt 00:00:43]} Rxd3 {[%clk 00:43:58]} {[%emt
00:00:33]} 28. Raa7 {[%clk 00:33:15]} {[%emt 00:02:35]} Kh6 {[%clk 00:35:21]}
{[%emt 00:09:07]} 29. Rxf7 {[%clk 00:33:18]} {[%emt 00:00:27]} Kg5 {[%clk
00:35:37]} {[%emt 00:00:14]} 30. h4+ {[%clk 00:33:29]} {[%emt 00:00:19]} Kg4
{[%clk 00:33:49]} {[%emt 00:02:19]} 31. Rxf6 {[%clk 00:33:30]} {[%emt
00:00:28]} h5 {[%clk 00:32:18]} {[%emt 00:02:01]} 32. Kg2 {[%clk 00:31:21]}
{[%emt 00:02:40]} 1-0

[Event "ODJM C 2023"]
[Site "Willingen GER"]
[Date "2023.05.31"]
[Round "5"]
[White "Sauer, Ben"]
[Black "Klockhaus, Daniel"]
[Result "1-0"]
[Termination "normal"]
[Board "6"]
[WhiteElo "1340"]
[BlackElo "1440"]
[WhiteClock "00:08:59"]
[BlackClock "00:04:48"]
[PlyCount "71"]
[WhiteFideId "34606866"]
[BlackFideId "16299132"]
[EventCountry "GER"]
[EventRounds "9"]
[EventType "swiss"]
[EventDate "2023.05.27"]

1. e4 {[%clk 01:30:58]} {[%emt 00:00:01]} c6 {[%clk 01:30:52]} {[%emt
00:00:08]} 2. d4 {[%clk 01:31:24]} {[%emt 00:00:05]} d5 {[%clk 01:31:17]}
{[%emt 00:00:05]} 3. exd5 {[%clk 01:31:47]} {[%emt 00:00:07]} cxd5 {[%clk
01:31:38]} {[%emt 00:00:08]} 4. Bd3 {[%clk 01:32:06]} {[%emt 00:00:11]} Nc6
{[%clk 01:31:03]} {[%emt 00:01:05]} 5. c3 {[%clk 01:24:37]} {[%emt 00:08:00]}
Nf6 {[%clk 01:30:20]} {[%emt 00:01:13]} 6. Bf4 {[%clk 01:24:23]} {[%emt
00:00:43]} Bg4 {[%clk 01:28:15]} {[%emt 00:02:35]} 7. Qb3 {[%clk 01:21:20]}
{[%emt 00:03:33]} Qc8 {[%clk 01:25:40]} {[%emt 00:03:05]} 8. Nd2 {[%clk
01:17:02]} {[%emt 00:04:49]} e6 {[%clk 01:23:46]} {[%emt 00:02:24]} 9. Ngf3
{[%clk 01:15:35]} {[%emt 00:01:56]} Be7 {[%clk 01:21:58]} {[%emt 00:02:19]} 10.
O-O {[%clk 01:14:35]} {[%emt 00:01:29]} O-O {[%clk 01:21:56]} {[%emt 00:00:32]}
11. Rfe1 {[%clk 01:13:44]} {[%emt 00:01:21]} a6 {[%clk 01:20:29]} {[%emt
00:01:58]} 12. a4 {[%clk 01:09:47]} {[%emt 00:04:26]} Nd7 {[%clk 01:07:52]}
{[%emt 00:13:06]} 13. Qc2 {[%clk 01:03:10]} {[%emt 00:07:08]} h6 {[%clk
01:05:44]} {[%emt 00:02:37]} 14. h3 {[%clk 01:01:42]} {[%emt 00:01:59]} Bxf3
{[%clk 00:55:31]} {[%emt 00:10:43]} 15. Nxf3 {[%clk 01:01:02]} {[%emt
00:01:10]} Re8 {[%clk 00:52:47]} {[%emt 00:03:14]} 16. Re3 {[%clk 00:54:11]}
{[%emt 00:07:21]} Na5 {[%clk 00:47:36]} {[%emt 00:05:42]} 17. Nd2 {[%clk
00:48:07]} {[%emt 00:06:33]} Bf6 {[%clk 00:44:35]} {[%emt 00:03:30]} 18. Rae1
{[%emt 00:06:43]} Qc6 {[%clk 00:39:56]} {[%emt 00:05:05]} 19. b4 {[%clk
00:38:32]} {[%emt 00:03:57]} Nc4 {[%clk 00:37:46]} {[%emt 00:02:40]} 20. Nxc4
{[%clk 00:38:24]} {[%emt 00:00:38]} dxc4 {[%clk 00:37:47]} {[%emt 00:00:28]}
21. Be4 {[%clk 00:36:29]} {[%emt 00:02:26]} Qb6 {[%clk 00:35:13]} {[%emt
00:03:03]} 22. Rg3 {[%clk 00:32:27]} {[%emt 00:04:33]} Kh8 {[%clk 00:31:10]}
{[%emt 00:04:33]} 23. Qd1 {[%clk 00:23:20]} {[%emt 00:09:37]} Bh4 {[%clk
00:26:29]} {[%emt 00:05:10]} 24. Rge3 {[%clk 00:15:22]} {[%emt 00:08:29]} Nf6
{[%clk 00:13:35]} {[%emt 00:13:24]} 25. Qf3 {[%clk 00:12:11]} {[%emt 00:03:41]}
Nxe4 {[%clk 00:11:22]} {[%emt 00:02:43]} 26. Rxe4 {[%clk 00:11:54]} {[%emt
00:00:47]} Kg8 {[%clk 00:08:17]} {[%emt 00:03:34]} 27. Qh5 {[%clk 00:09:04]}
{[%emt 00:03:21]} Bf6 {[%clk 00:07:55]} {[%emt 00:00:51]} 28. Bxh6 {[%clk
00:08:57]} {[%emt 00:00:38]} gxh6 {[%clk 00:07:43]} {[%emt 00:00:42]} 29. Qxh6
{[%clk 00:09:15]} {[%emt 00:00:12]} Bg7 {[%clk 00:06:20]} {[%emt 00:01:52]} 30.
Rg4 {[%clk 00:09:32]} {[%emt 00:00:14]} Kf8 {[%clk 00:06:34]} {[%emt 00:00:16]}
31. Qxg7+ {[%clk 00:09:53]} {[%emt 00:00:09]} Ke7 {[%clk 00:06:56]} {[%emt
00:00:08]} 32. d5 {[%clk 00:09:24]} {[%emt 00:00:59]} Kd6 {[%clk 00:04:46]}
{[%emt 00:02:41]} 33. Qxf7 {[%clk 00:09:28]} {[%emt 00:00:26]} Re7 {[%clk
00:04:42]} {[%emt 00:00:33]} 34. Rxe6+ {[%clk 00:09:33]} {[%emt 00:00:25]} Rxe6
{[%clk 00:04:38]} {[%emt 00:00:35]} 35. Qxe6+ {[%clk 00:09:53]} {[%emt
00:00:09]} Kc7 {[%clk 00:04:48]} {[%emt 00:00:20]} 36. Rxc4+ {[%clk 00:08:59]}
{[%emt 00:01:24]} 1-0

[Event "ODJM C 2023"]
[Site "Willingen GER"]
[Date "2023.05.31"]
[Round "5"]
[White "Vöcking, Laura"]
[Black "Müller, Ariana"]
[Result "0-1"]
[Termination "normal"]
[Board "7"]
[WhiteElo "1282"]
[BlackElo "1148"]
[WhiteClock "00:19:32"]
[BlackClock "00:59:09"]
[PlyCount "104"]
[WhiteFideId "16287630"]
[BlackFideId "34615024"]
[EventCountry "GER"]
[EventRounds "9"]
[EventType "swiss"]
[EventDate "2023.05.27"]

1. e4 {[%clk 01:30:57]} {[%emt 00:00:03]} e5 {[%clk 01:30:55]} {[%emt
00:00:06]} 2. Nf3 {[%clk 01:31:18]} {[%emt 00:00:09]} Nc6 {[%clk 01:31:17]}
{[%emt 00:00:07]} 3. d4 {[%clk 01:31:21]} {[%emt 00:00:27]} exd4 {[%clk
01:31:40]} {[%emt 00:00:07]} 4. Nxd4 {[%clk 01:31:41]} {[%emt 00:00:11]} Bc5
{[%clk 01:32:02]} {[%emt 00:00:08]} 5. Be3 {[%clk 01:31:44]} {[%emt 00:00:26]}
Qf6 {[%clk 01:32:19]} {[%emt 00:00:13]} 6. c3 {[%clk 01:31:29]} {[%emt
00:00:45]} Nge7 {[%clk 01:32:38]} {[%emt 00:00:11]} 7. Bc4 {[%clk 01:30:51]}
{[%emt 00:01:08]} Ne5 {[%clk 01:32:45]} {[%emt 00:00:23]} 8. Bb3 {[%clk
01:29:35]} {[%emt 00:01:46]} Qg6 {[%clk 01:30:43]} {[%emt 00:02:32]} 9. Rg1
{[%clk 01:14:03]} {[%emt 00:16:02]} d6 {[%clk 01:25:01]} {[%emt 00:06:12]} 10.
Nd2 {[%clk 01:09:30]} {[%emt 00:05:03]} Bg4 {[%clk 01:23:47]} {[%emt 00:01:44]}
11. f3 {[%clk 01:07:20]} {[%emt 00:02:40]} Be6 {[%clk 01:17:22]} {[%emt
00:06:55]} 12. Qe2 {[%clk 01:01:18]} {[%emt 00:06:31]} d5 {[%clk 01:14:57]}
{[%emt 00:02:56]} 13. Nxe6 {[%clk 00:41:52]} {[%emt 00:19:57]} Bxe3 {[%clk
01:13:50]} {[%emt 00:01:36]} 14. Nxc7+ {[%clk 00:41:11]} {[%emt 00:01:11]} Kd7
{[%clk 01:13:41]} {[%emt 00:00:38]} 15. Qxe3 {[%clk 00:39:44]} {[%emt
00:01:57]} Kxc7 {[%clk 01:13:15]} {[%emt 00:00:56]} 16. exd5 {[%clk 00:37:17]}
{[%emt 00:02:58]} Qd6 {[%clk 01:09:10]} {[%emt 00:04:35]} 17. O-O-O {[%clk
00:29:45]} {[%emt 00:08:02]} Nxd5 {[%clk 01:08:01]} {[%emt 00:01:39]} 18. Bxd5
{[%clk 00:28:54]} {[%emt 00:01:21]} Qxd5 {[%clk 01:06:49]} {[%emt 00:01:42]}
19. Nb3 {[%clk 00:24:57]} {[%emt 00:04:28]} Qb5 {[%clk 01:05:16]} {[%emt
00:01:52]} 20. Qc5+ {[%clk 00:18:01]} {[%emt 00:07:37]} Qxc5 {[%clk 01:04:55]}
{[%emt 00:00:50]} 21. Nxc5 {[%clk 00:18:25]} {[%emt 00:00:06]} Rhe8 {[%clk
01:04:24]} {[%emt 00:01:01]} 22. Rd5 {[%clk 00:16:23]} {[%emt 00:02:32]} Kc6
{[%clk 00:59:21]} {[%emt 00:05:33]} 23. Rgd1 {[%clk 00:16:11]} {[%emt
00:00:42]} Nc4 {[%clk 00:58:17]} {[%emt 00:01:34]} 24. Ne4 {[%clk 00:13:39]}
{[%emt 00:03:01]} Re6 {[%clk 00:50:05]} {[%emt 00:08:43]} 25. R5d4 {[%clk
00:12:45]} {[%emt 00:01:24]} b5 {[%clk 00:49:01]} {[%emt 00:01:33]} 26. Ng5
{[%clk 00:11:19]} {[%emt 00:01:57]} Rg6 {[%clk 00:47:25]} {[%emt 00:02:06]} 27.
Nxf7 {[%clk 00:10:22]} {[%emt 00:01:27]} Rf8 {[%clk 00:46:21]} {[%emt
00:01:34]} 28. Nd8+ {[%clk 00:09:04]} {[%emt 00:01:48]} Kb6 {[%clk 00:44:36]}
{[%emt 00:02:16]} 29. Rd7 {[%clk 00:07:23]} {[%emt 00:02:10]} Rxg2 {[%clk
00:42:20]} {[%emt 00:02:45]} 30. Ne6 {[%clk 00:07:01]} {[%emt 00:00:53]} Rf6
{[%clk 00:41:12]} {[%emt 00:01:38]} 31. Nxg7 {[%clk 00:05:53]} {[%emt
00:01:38]} Ne3 {[%clk 00:40:17]} {[%emt 00:01:26]} 32. R1d6+ {[%clk 00:04:43]}
{[%emt 00:01:39]} Rxd6 {[%clk 00:40:19]} {[%emt 00:00:27]} 33. Rxd6+ {[%clk
00:05:05]} {[%emt 00:00:09]} Kc5 {[%clk 00:39:51]} {[%emt 00:00:58]} 34. Rd3
{[%clk 00:04:50]} {[%emt 00:00:44]} Rg1+ {[%clk 00:39:56]} {[%emt 00:00:26]}
35. Kd2 {[%clk 00:05:07]} {[%emt 00:00:13]} Nc4+ {[%clk 00:40:05]} {[%emt
00:00:20]} 36. Ke2 {[%clk 00:03:53]} {[%emt 00:01:45]} Rxg7 {[%clk 00:40:15]}
{[%emt 00:00:19]} 37. b3 {[%clk 00:03:33]} {[%emt 00:00:52]} Re7+ {[%clk
00:39:14]} {[%emt 00:01:29]} 38. Kf2 {[%clk 00:03:36]} {[%emt 00:00:28]} Nd6
{[%clk 00:38:38]} {[%emt 00:01:06]} 39. a3 {[%clk 00:02:42]} {[%emt 00:01:24]}
a5 {[%clk 00:38:20]} {[%emt 00:00:48]} 40. b4+ {[%clk 00:02:42]} {[%emt
00:00:31]} axb4 {[%clk 00:37:19]} {[%emt 00:01:30]} 41. axb4+ {[%clk 00:03:04]}
{[%emt 00:00:09]} Kc6 {[%clk 00:36:52]} {[%emt 00:00:56]} 42. f4 {[%clk
00:02:29]} {[%emt 00:01:05]} h5 {[%clk 00:35:23]} {[%emt 00:01:58]} 43. Rf3
{[%clk 00:30:22]} {[%emt 00:02:37]} Ne4+ {[%clk 01:04:49]} {[%emt 00:01:04]}
44. Kg2 {[%clk 00:30:14]} {[%emt 00:00:39]} Rg7+ {[%clk 01:05:00]} {[%emt
00:00:18]} 45. Kh3 {[%clk 00:29:41]} {[%emt 00:01:03]} Rf7 {[%clk 01:04:23]}
{[%emt 00:01:06]} 46. Kh4 {[%clk 00:27:32]} {[%emt 00:02:40]} Rf5 {[%clk
01:03:50]} {[%emt 00:01:04]} 47. Rf1 {[%clk 00:24:29]} {[%emt 00:03:33]} Kd5
{[%clk 01:02:55]} {[%emt 00:01:25]} 48. Rd1+ {[%clk 00:23:53]} {[%emt
00:01:05]} Ke6 {[%clk 01:01:45]} {[%emt 00:01:41]} 49. Re1 {[%clk 00:21:42]}
{[%emt 00:02:41]} Rxf4+ {[%clk 01:01:33]} {[%emt 00:00:41]} 50. Kxh5 {[%clk
00:21:48]} {[%emt 00:00:24]} Kf5 {[%clk 00:59:20]} {[%emt 00:02:44]} 51. Re3
{[%clk 00:19:27]} {[%emt 00:02:51]} Nf6 {[%clk 00:59:03]} {[%emt 00:00:46]} 52.
Kh6 {[%clk 00:19:32]} {[%emt 00:00:25]} Ng4+ {[%clk 00:59:09]} {[%emt
00:00:24]} 0-1

[Event "ODJM C 2023"]
[Site "Willingen GER"]
[Date "2023.05.31"]
[Round "5"]
[White "Neumeier, Leonhard"]
[Black "Franke, Leonhard"]
[Result "1-0"]
[Termination "normal"]
[Board "8"]
[WhiteElo "1219"]
[BlackElo "1348"]
[WhiteClock "00:51:50"]
[BlackClock "01:13:16"]
[PlyCount "83"]
[WhiteFideId "34650822"]
[BlackFideId "34644806"]
[EventCountry "GER"]
[EventRounds "9"]
[EventType "swiss"]
[EventDate "2023.05.27"]

1. e4 {[%clk 01:30:59]} {[%emt 00:00:01]} e5 {[%clk 01:30:56]} {[%emt
00:00:05]} 2. Nf3 {[%clk 01:31:07]} {[%emt 00:00:21]} Nc6 {[%clk 01:31:21]}
{[%emt 00:00:05]} 3. Bc4 {[%clk 01:30:58]} {[%emt 00:00:39]} Bc5 {[%clk
01:31:34]} {[%emt 00:00:17]} 4. b4 {[%clk 01:31:13]} {[%emt 00:00:15]} Bxb4
{[%clk 01:30:31]} {[%emt 00:01:33]} 5. c3 {[%clk 01:31:32]} {[%emt 00:00:12]}
Ba5 {[%clk 01:30:39]} {[%emt 00:00:22]} 6. d4 {[%clk 01:31:50]} {[%emt
00:00:12]} exd4 {[%clk 01:30:40]} {[%emt 00:00:28]} 7. Qb3 {[%clk 01:32:10]}
{[%emt 00:00:10]} Qf6 {[%clk 01:28:46]} {[%emt 00:02:24]} 8. Bg5 {[%clk
01:32:21]} {[%emt 00:00:19]} Qg6 {[%clk 01:29:05]} {[%emt 00:00:11]} 9. O-O
{[%clk 01:31:59]} {[%emt 00:00:52]} d6 {[%clk 01:27:41]} {[%emt 00:01:54]} 10.
h3 {[%clk 01:29:08]} {[%emt 00:03:21]} h6 {[%clk 01:26:40]} {[%emt 00:01:31]}
11. Bh4 {[%clk 01:29:00]} {[%emt 00:00:37]} Bxh3 {[%clk 01:26:48]} {[%emt
00:00:22]} 12. Bg3 {[%clk 01:28:59]} {[%emt 00:00:32]} Be6 {[%clk 01:26:57]}
{[%emt 00:00:21]} 13. Bxe6 {[%clk 01:29:16]} {[%emt 00:00:13]} Qxe6 {[%clk
01:26:23]} {[%emt 00:01:03]} 14. Qxb7 {[%clk 01:29:32]} {[%emt 00:00:15]} Rb8
{[%clk 01:24:04]} {[%emt 00:02:50]} 15. Qxc6+ {[%clk 01:29:28]} {[%emt
00:00:33]} Kf8 {[%clk 01:24:24]} {[%emt 00:00:10]} 16. cxd4 {[%clk 01:28:18]}
{[%emt 00:01:40]} Ne7 {[%clk 01:23:24]} {[%emt 00:01:31]} 17. Qa4 {[%clk
01:28:13]} {[%emt 00:00:34]} Bb6 {[%clk 01:23:38]} {[%emt 00:00:16]} 18. d5
{[%clk 01:28:09]} {[%emt 00:00:35]} Qf6 {[%clk 01:23:26]} {[%emt 00:00:41]} 19.
Nbd2 {[%clk 01:27:55]} {[%emt 00:00:43]} g5 {[%clk 01:23:01]} {[%emt 00:00:56]}
20. e5 {[%clk 01:26:20]} {[%emt 00:02:06]} Qg6 {[%clk 01:23:07]} {[%emt
00:00:23]} 21. exd6 {[%clk 01:16:28]} {[%emt 00:10:22]} cxd6 {[%clk 01:22:44]}
{[%emt 00:00:53]} 22. Nc4 {[%clk 01:13:19]} {[%emt 00:03:38]} Bc5 {[%clk
01:22:16]} {[%emt 00:00:59]} 23. a3 {[%clk 01:08:58]} {[%emt 00:04:51]} Nxd5
{[%clk 01:19:47]} {[%emt 00:02:59]} 24. Qd7 {[%emt 00:02:05]} Nf4 {[%clk
01:16:46]} {[%emt 00:03:29]} 25. Rfe1 {[%clk 01:04:09]} {[%emt 00:03:45]} d5
{[%clk 01:15:08]} {[%emt 00:02:09]} 26. Bxf4 {[%clk 01:00:02]} {[%emt
00:04:37]} gxf4 {[%clk 01:15:19]} {[%emt 00:00:17]} 27. Qxd5 {[%clk 00:59:51]}
{[%emt 00:00:43]} Rc8 {[%clk 01:15:08]} {[%emt 00:00:41]} 28. Nfe5 {[%clk
00:59:09]} {[%emt 00:01:12]} Qg7 {[%clk 01:13:41]} {[%emt 00:01:56]} 29. Nd7+
{[%clk 00:59:28]} {[%emt 00:00:11]} Kg8 {[%clk 01:13:54]} {[%emt 00:00:17]} 30.
Nxc5 {[%clk 00:58:57]} {[%emt 00:01:02]} f3 {[%clk 01:13:47]} {[%emt 00:00:37]}
31. Qxf3 {[%clk 00:58:09]} {[%emt 00:01:17]} Rxc5 {[%clk 01:14:10]} {[%emt
00:00:08]} 32. Re8+ {[%clk 00:58:27]} {[%emt 00:00:12]} Kh7 {[%clk 01:14:33]}
{[%emt 00:00:06]} 33. Rxh8+ {[%clk 00:58:30]} {[%emt 00:00:28]} Kxh8 {[%clk
01:14:44]} {[%emt 00:00:19]} 34. Rc1 {[%clk 00:56:38]} {[%emt 00:02:22]} Rg5
{[%clk 01:13:54]} {[%emt 00:01:20]} 35. Nd6 {[%clk 00:55:02]} {[%emt 00:02:07]}
Qb2 {[%clk 01:11:43]} {[%emt 00:02:40]} 36. Rc8+ {[%clk 00:54:29]} {[%emt
00:01:03]} Kh7 {[%clk 01:12:03]} {[%emt 00:00:10]} 37. Qxf7+ {[%clk 00:52:41]}
{[%emt 00:02:17]} Rg7 {[%clk 01:12:22]} {[%emt 00:00:11]} 38. Qf5+ {[%clk
00:52:46]} {[%emt 00:00:26]} Rg6 {[%clk 01:12:43]} {[%emt 00:00:09]} 39. Rc7+
{[%clk 00:53:03]} {[%emt 00:00:13]} Kh8 {[%clk 01:12:33]} {[%emt 00:00:39]} 40.
Qf8+ {[%clk 00:51:40]} {[%emt 00:01:54]} Rg8 {[%clk 01:12:53]} {[%emt
00:00:10]} 41. Nf7+ {[%clk 00:52:01]} {[%emt 00:00:09]} Kh7 {[%clk 01:13:16]}
{[%emt 00:00:07]} 42. Qxh6# {[%clk 00:51:50]} {[%emt 00:00:09]} 1-0